000 00327nam a22001457a 4500
003 SGT
020 _a9780853695714
082 _a615.05
_bC06D
100 _aDHILLON, SORAYA,ed.
245 _aCLINICAL PHARMACOKINETICS
260 _aINDIA
_bPHARMACEUTICAL PRESS
_c2006
300 _a262
650 _aPHARMACY
942 _2ddc
_cBK
999 _c22932
_d22932